000 00334nam a2200097Ia 4500
005 20250424112857.0
008 250424s9999 xx 000 0 und d
300 _av. , 113 p. ; 24 cm.
650 _aTeachers--Training of--Nigeria--Periodicals. Distance education--Nigeria--Periodicals. Open learning--Nigeria--Periodicals.
942 _cSR
999 _c37653
_d37653